Quiz des marques françaises de luxe - Statistiques

Statistiques générales
  • Ce quiz a été pris 5 118 fois
  • Le résultat moyen est 6 sur 10
Statistiques - réponses
Par images Réponse % Correct
Chanel
98%
Louis Vuitton
96%
Yves Saint Laurent
96%
Hermès
94%
Dior
79%
Givenchy
57%
Balenciaga
38%
Cartier
18%
Guerlain
14%
Kering
4%
Aucun quiz correspondant
Distribution des résultats
% des personnes avec chaque résultat
Percentile par nombre de réponses
Votre historique - résultats
Vous n’avez pas pris ce quiz